000 00880nam a2200277 i 4500
001 184055
003 ES-MaACL
005 20250911062659.0
008 150225s1975 sp |||| |aspa d
020 _a84-233-0246-6
080 _a39(515)
080 _a929 Lobsang Rampa, Tuesday
100 1 _aLobsang Rampa, T.
_973033
245 1 3 _aEl médico de Lhasa /
_cT. Lobsang Rampa ; [traducido por Rafael Vázquez Zamora].
250 _a6ª ed.
260 _aBarcelona :
_bDestino,
_c1975.
300 _a236 p. ;
_c19 cm.
490 1 _aÁncora y Delfín ;
_v253
500 _aÍndice.
651 7 _aTíbet-
_xUsos y costumbres.
_9156456
700 1 _aVázquez Zamora, Rafael,
_d1911-1972
_9113498
830 0 0 _aÁncora y Delfín
_v253
_9151298
852 _aES-MaACL
_jA-13429
_9184055
_bR.150087
_cDEPO1
_dOlim: N-6429
942 _2udc
_cMONOGRAFIA
999 _c184055
_d184055